[Event "DVM U12 2022"]
[Site "München GER"]
[Date "2022.12.27"]
[Round "2"]
[White "Park, Manuel"]
[Black "Madel, Luca"]
[Result "1-0"]
[Termination "normal"]
[Board "9.1"]
[WhiteElo "1491"]
[BlackElo "1104"]
[WhiteClock "01:24:32"]
[BlackClock "00:31:56"]
[WhiteTeam "SC Kirchheim/Teck"]
[BlackTeam "Barnimer Schachfreunde im SV Stahl Finow"]
[PlyCount "81"]
[WhiteFideId "34629114"]
[BlackFideId "16296516"]
[EventCountry "GER"]
[EventRounds "7"]
[EventType "team-swiss"]
[EventDate "2022.12.26"]

1. e4 {[%clk 01:30:35]} {[%emt 00:00:25]} d5 {[%clk 01:30:50]} {[%emt
00:00:10]} 2. exd5 {[%clk 01:30:47]} {[%emt 00:00:18]} Qxd5 {[%clk 01:31:11]}
{[%emt 00:00:09]} 3. Nc3 {[%clk 01:31:08]} {[%emt 00:00:09]} Qa5 {[%clk
01:31:27]} {[%emt 00:00:13]} 4. Bc4 {[%clk 01:31:19]} {[%emt 00:00:19]} Nf6
{[%clk 01:31:30]} {[%emt 00:00:26]} 5. Nf3 {[%clk 01:31:41]} {[%emt 00:00:09]}
Bg4 {[%clk 01:31:05]} {[%emt 00:00:55]} 6. Be2 {[%clk 01:31:18]} {[%emt
00:00:54]} Bf5 {[%clk 01:30:58]} {[%emt 00:00:36]} 7. d3 {[%clk 01:31:13]}
{[%emt 00:00:36]} c6 {[%clk 01:31:14]} {[%emt 00:00:15]} 8. Bf4 {[%clk
01:31:39]} {[%emt 00:00:04]} e6 {[%clk 01:31:22]} {[%emt 00:00:21]} 9. Nd4
{[%clk 01:31:47]} {[%emt 00:00:23]} Bg6 {[%clk 01:30:56]} {[%emt 00:00:55]} 10.
Nb3 {[%clk 01:31:47]} {[%emt 00:00:30]} Qd8 {[%clk 01:30:41]} {[%emt 00:00:45]}
11. Qd2 {[%clk 01:32:00]} {[%emt 00:00:18]} Bd6 {[%clk 01:31:00]} {[%emt
00:00:10]} 12. Bxd6 {[%clk 01:31:50]} {[%emt 00:00:40]} Qxd6 {[%clk 01:31:17]}
{[%emt 00:00:13]} 13. O-O-O {[%clk 01:31:52]} {[%emt 00:00:28]} Nbd7 {[%clk
01:31:18]} {[%emt 00:00:26]} 14. h4 {[%clk 01:30:13]} {[%emt 00:02:12]} O-O-O
{[%clk 01:29:19]} {[%emt 00:02:28]} 15. Qe3 {[%clk 01:25:56]} {[%emt 00:04:47]}
Kb8 {[%clk 01:28:08]} {[%emt 00:01:39]} 16. Ne4 {[%clk 01:24:40]} {[%emt
00:01:49]} Qe7 {[%clk 01:21:09]} {[%emt 00:07:26]} 17. Nxf6 {[%clk 01:24:35]}
{[%emt 00:00:38]} Nxf6 {[%clk 01:20:46]} {[%emt 00:00:52]} 18. Qf4 {[%clk
01:24:56]} {[%emt 00:00:10]} e5 {[%clk 01:20:28]} {[%emt 00:00:46]} 19. Qf3
{[%clk 01:24:13]} {[%emt 00:01:15]} Bh5 {[%clk 01:19:16]} {[%emt 00:01:41]} 20.
Qe3 {[%clk 01:24:06]} {[%emt 00:00:38]} Bxe2 {[%clk 01:19:07]} {[%emt
00:00:38]} 21. Qxe2 {[%clk 01:24:35]} {[%emt 00:00:02]} Nd5 {[%clk 01:18:48]}
{[%emt 00:00:46]} 22. Rhe1 {[%clk 01:24:40]} {[%emt 00:00:29]} f6 {[%clk
01:18:18]} {[%emt 00:00:59]} 23. Nd2 {[%clk 01:24:06]} {[%emt 00:01:04]} Nb6
{[%clk 01:14:33]} {[%emt 00:04:13]} 24. f4 {[%clk 01:24:20]} {[%emt 00:00:19]}
Nd7 {[%clk 01:11:02]} {[%emt 00:04:00]} 25. fxe5 {[%clk 01:24:05]} {[%emt
00:00:45]} Qxe5 {[%clk 01:09:12]} {[%emt 00:02:20]} 26. Nc4 {[%clk 01:22:28]}
{[%emt 00:02:08]} Qf4 {[%clk 01:07:20]} {[%emt 00:02:20]} 27. Qe3 {[%clk
01:22:30]} {[%emt 00:00:31]} Qxh4 {[%clk 01:03:10]} {[%emt 00:04:37]} 28. Nd6
{[%clk 01:22:42]} {[%emt 00:00:20]} Qh5 {[%clk 01:00:03]} {[%emt 00:03:34]} 29.
Qe7 {[%clk 01:22:17]} {[%emt 00:00:57]} Qg5 {[%clk 00:59:14]} {[%emt 00:01:16]}
30. Kb1 {[%clk 01:22:24]} {[%emt 00:00:27]} Qg6 {[%clk 00:47:33]} {[%emt
00:12:08]} 31. Nf7 {[%clk 01:22:46]} {[%emt 00:00:11]} Rhe8 {[%clk 00:39:42]}
{[%emt 00:08:18]} 32. Qd6 {[%clk 01:22:51]} {[%emt 00:00:29]} Kc8 {[%clk
00:39:32]} {[%emt 00:00:33]} 33. Nxd8 {[%clk 01:23:12]} {[%emt 00:00:16]} Rxd8
{[%clk 00:38:50]} {[%emt 00:01:11]} 34. Qd4 {[%clk 01:23:15]} {[%emt 00:00:28]}
Nb6 {[%clk 00:38:16]} {[%emt 00:01:02]} 35. Qe4 {[%emt 00:01:41]} Qh5 {[%clk
00:36:18]} {[%emt 00:01:16]} 36. Rh1 {[%clk 01:23:06]} {[%emt 00:00:41]} Qb5
{[%clk 00:35:42]} {[%emt 00:01:02]} 37. g4 {[%clk 01:22:59]} {[%emt 00:00:41]}
Na4 {[%clk 00:35:28]} {[%emt 00:00:42]} 38. Qf5 {[%clk 01:23:21]} {[%emt
00:00:09]} Qxf5 {[%clk 00:35:04]} {[%emt 00:00:54]} 39. gxf5 {[%clk 01:23:49]}
{[%emt 00:00:02]} Rh8 {[%clk 00:33:18]} {[%emt 00:02:17]} 40. Rde1 {[%clk
01:24:11]} {[%emt 00:00:09]} Kd7 {[%clk 00:31:56]} {[%emt 00:01:51]} 41. Reg1
{[%clk 01:24:32]} {[%emt 00:00:10]} 1-0

[Event "DVM U12 2022"]
[Site "München GER"]
[Date "2022.12.27"]
[Round "2"]
[White "Spielvogel, Oliver"]
[Black "Krishnan, Vihaan"]
[Result "0-1"]
[Termination "normal"]
[Board "9.2"]
[WhiteElo "1312"]
[BlackElo "1519"]
[WhiteClock "00:51:35"]
[BlackClock "00:01:51"]
[WhiteTeam "Barnimer Schachfreunde im SV Stahl Finow"]
[BlackTeam "SC Kirchheim/Teck"]
[PlyCount "76"]
[WhiteFideId "16296494"]
[BlackFideId "34633910"]
[EventCountry "GER"]
[EventRounds "7"]
[EventType "team-swiss"]
[EventDate "2022.12.26"]

1. d4 {[%clk 01:30:57]} {[%emt 00:00:02]} Nf6 {[%clk 01:30:56]} {[%emt
00:00:04]} 2. Nf3 {[%clk 01:31:10]} {[%emt 00:00:18]} d5 {[%clk 01:31:17]}
{[%emt 00:00:08]} 3. e3 {[%clk 01:31:27]} {[%emt 00:00:13]} Bf5 {[%clk
01:31:27]} {[%emt 00:00:19]} 4. Bd3 {[%clk 01:31:46]} {[%emt 00:00:11]} Bg6
{[%clk 01:31:52]} {[%emt 00:00:05]} 5. b3 {[%clk 01:32:00]} {[%emt 00:00:15]}
e6 {[%clk 01:32:00]} {[%emt 00:00:22]} 6. Bb2 {[%clk 01:32:00]} {[%emt
00:00:30]} c6 {[%clk 01:31:30]} {[%emt 00:01:00]} 7. Qe2 {[%clk 01:32:02]}
{[%emt 00:00:28]} Nbd7 {[%clk 01:31:06]} {[%emt 00:00:54]} 8. Nbd2 {[%clk
01:32:19]} {[%emt 00:00:13]} Bd6 {[%clk 01:30:47]} {[%emt 00:00:48]} 9. O-O
{[%clk 01:32:35]} {[%emt 00:00:14]} Qc7 {[%clk 01:23:48]} {[%emt 00:07:29]} 10.
e4 {[%clk 01:32:35]} {[%emt 00:00:30]} dxe4 {[%clk 01:24:09]} {[%emt 00:00:10]}
11. Nxe4 {[%clk 01:32:52]} {[%emt 00:00:13]} Nxe4 {[%clk 01:24:12]} {[%emt
00:00:26]} 12. Bxe4 {[%clk 01:31:20]} {[%emt 00:00:08]} Nf6 {[%clk 01:22:51]}
{[%emt 00:03:45]} 13. Bd3 {[%clk 01:31:36]} {[%emt 00:00:13]} Bxd3 {[%clk
01:17:11]} {[%emt 00:06:11]} 14. Qxd3 {[%clk 01:31:52]} {[%emt 00:00:14]} O-O-O
{[%clk 01:16:34]} {[%emt 00:01:06]} 15. c4 {[%clk 01:31:19]} {[%emt 00:01:05]}
Rdg8 {[%clk 01:14:13]} {[%emt 00:02:51]} 16. Rac1 {[%clk 01:30:16]} {[%emt
00:01:32]} h6 {[%clk 01:04:37]} {[%emt 00:10:06]} 17. d5 {[%clk 01:26:30]}
{[%emt 00:01:46]} Nd7 {[%clk 00:25:09]} {[%emt 00:42:28]} 18. dxc6 {[%clk
01:25:07]} {[%emt 00:01:52]} bxc6 {[%clk 00:21:28]} {[%emt 00:04:11]} 19. Rfd1
{[%clk 01:25:23]} {[%emt 00:00:14]} Bf8 {[%clk 00:15:58]} {[%emt 00:06:00]} 20.
Ne5 {[%clk 01:05:42]} {[%emt 00:20:10]} Nc5 {[%clk 00:13:47]} {[%emt 00:02:41]}
21. Qf3 {[%clk 01:04:49]} {[%emt 00:01:22]} Bd6 {[%clk 00:13:17]} {[%emt
00:01:01]} 22. Rxd6 {[%clk 01:02:38]} {[%emt 00:02:41]} Qxd6 {[%clk 00:13:18]}
{[%emt 00:00:28]} 23. Nxf7 {[%clk 01:02:59]} {[%emt 00:00:11]} Qc7 {[%clk
00:07:47]} {[%emt 00:06:02]} 24. Nxh8 {[%clk 01:02:07]} {[%emt 00:01:21]} Rxh8
{[%clk 00:08:06]} {[%emt 00:00:11]} 25. Bd4 {[%clk 01:01:33]} {[%emt 00:00:58]}
Na6 {[%clk 00:07:27]} {[%emt 00:01:13]} 26. Qe3 {[%clk 01:01:00]} {[%emt
00:01:03]} Re8 {[%clk 00:06:35]} {[%emt 00:01:21]} 27. Bxa7 {[%clk 00:55:59]}
{[%emt 00:05:34]} c5 {[%clk 00:06:40]} {[%emt 00:00:25]} 28. Bxc5 {[%clk
00:54:25]} {[%emt 00:02:04]} Qxc5 {[%clk 00:03:52]} {[%emt 00:03:17]} 29. Qe4
{[%clk 00:54:39]} {[%emt 00:00:15]} Kc7 {[%clk 00:03:09]} {[%emt 00:01:15]} 30.
Qf4 {[%clk 00:54:43]} {[%emt 00:00:25]} e5 {[%clk 00:03:24]} {[%emt 00:00:17]}
31. Qf7 {[%clk 00:54:56]} {[%emt 00:00:13]} Re7 {[%clk 00:03:06]} {[%emt
00:00:51]} 32. Qg6 {[%clk 00:55:15]} {[%emt 00:00:08]} Nb4 {[%clk 00:03:00]}
{[%emt 00:00:39]} 33. a3 {[%clk 00:55:06]} {[%emt 00:00:38]} Na2 {[%clk
00:01:48]} {[%emt 00:01:43]} 34. b4 {[%clk 00:53:56]} {[%emt 00:01:40]} Qd4
{[%clk 00:01:52]} {[%emt 00:00:26]} 35. Re1 {[%clk 00:52:34]} {[%emt 00:01:51]}
Qc3 {[%clk 00:01:32]} {[%emt 00:00:51]} 36. Qb1 {[%clk 00:52:05]} {[%emt
00:00:51]} Qxc4 {[%clk 00:01:21]} {[%emt 00:00:49]} 37. Rd1 {[%clk 00:51:56]}
{[%emt 00:00:34]} Nc3 {[%clk 00:01:26]} {[%emt 00:00:30]} 38. Qc1 {[%clk
00:51:35]} {[%emt 00:00:50]} Ne2 {[%clk 00:01:51]} {[%emt 00:00:06]} 0-1

[Event "DVM U12 2022"]
[Site "München GER"]
[Date "2022.12.27"]
[Round "2"]
[White "Wünsche, Jonathan"]
[Black "Miede, Armin"]
[Result "0-1"]
[Termination "normal"]
[Board "9.4"]
[WhiteElo "1068"]
[BlackElo "1079"]
[WhiteClock "01:02:11"]
[BlackClock "01:12:32"]
[WhiteTeam "Barnimer Schachfreunde im SV Stahl Finow"]
[BlackTeam "SC Kirchheim/Teck"]
[PlyCount "74"]
[WhiteFideId "34602836"]
[BlackFideId "34640487"]
[EventCountry "GER"]
[EventRounds "7"]
[EventType "team-swiss"]
[EventDate "2022.12.26"]

1. e4 {[%clk 01:30:57]} {[%emt 00:00:02]} e5 {[%clk 01:30:55]} {[%emt
00:00:05]} 2. Nf3 {[%clk 01:31:23]} {[%emt 00:00:05]} Nc6 {[%clk 01:31:19]}
{[%emt 00:00:05]} 3. Bc4 {[%clk 01:31:45]} {[%emt 00:00:08]} Bc5 {[%clk
01:31:40]} {[%emt 00:00:09]} 4. Nc3 {[%clk 01:32:05]} {[%emt 00:00:10]} d6
{[%clk 01:31:58]} {[%emt 00:00:13]} 5. h3 {[%clk 01:32:29]} {[%emt 00:00:06]}
Nf6 {[%clk 01:32:10]} {[%emt 00:00:18]} 6. d3 {[%clk 01:32:47]} {[%emt
00:00:12]} h6 {[%clk 01:32:24]} {[%emt 00:00:16]} 7. Be3 {[%clk 01:32:20]}
{[%emt 00:00:56]} Bb6 {[%clk 01:32:29]} {[%emt 00:00:26]} 8. Qe2 {[%clk
01:32:31]} {[%emt 00:00:19]} Ba5 {[%clk 01:31:31]} {[%emt 00:01:28]} 9. O-O-O
{[%clk 01:32:26]} {[%emt 00:00:33]} Bxc3 {[%clk 01:31:54]} {[%emt 00:00:08]}
10. bxc3 {[%clk 01:32:32]} {[%emt 00:00:23]} Be6 {[%clk 01:32:11]} {[%emt
00:00:15]} 11. Bxe6 {[%clk 01:31:43]} {[%emt 00:01:17]} fxe6 {[%clk 01:32:33]}
{[%emt 00:00:09]} 12. d4 {[%clk 01:30:39]} {[%emt 00:01:34]} Nxe4 {[%clk
01:32:14]} {[%emt 00:00:49]} 13. Qe1 {[%clk 01:28:42]} {[%emt 00:02:26]} exd4
{[%clk 01:31:43]} {[%emt 00:01:01]} 14. cxd4 {[%clk 01:28:55]} {[%emt
00:00:16]} Qe7 {[%clk 01:31:42]} {[%emt 00:00:32]} 15. d5 {[%clk 01:18:33]}
{[%emt 00:10:52]} exd5 {[%clk 01:30:33]} {[%emt 00:01:39]} 16. Rxd5 {[%clk
01:18:55]} {[%emt 00:00:09]} Qf6 {[%clk 01:29:50]} {[%emt 00:01:13]} 17. Nd4
{[%clk 01:17:57]} {[%emt 00:01:27]} O-O-O {[%clk 01:27:55]} {[%emt 00:02:25]}
18. f3 {[%clk 01:16:14]} {[%emt 00:02:14]} Nc5 {[%clk 01:26:15]} {[%emt
00:02:10]} 19. Nxc6 {[%clk 01:13:55]} {[%emt 00:02:48]} bxc6 {[%clk 01:24:57]}
{[%emt 00:01:48]} 20. Rd4 {[%clk 01:12:23]} {[%emt 00:02:01]} Rde8 {[%clk
01:24:16]} {[%emt 00:01:12]} 21. Rb4 {[%clk 01:09:21]} {[%emt 00:03:32]} Qa1
{[%clk 01:22:13]} {[%emt 00:02:34]} 22. Rb1 {[%clk 01:09:38]} {[%emt 00:00:13]}
Qxa2 {[%clk 01:21:56]} {[%emt 00:00:47]} 23. Qf2 {[%clk 01:09:07]} {[%emt
00:01:01]} Qa3 {[%clk 01:18:18]} {[%emt 00:04:08]} 24. Rb2 {[%clk 01:08:53]}
{[%emt 00:00:44]} Qxe3 {[%clk 01:18:32]} {[%emt 00:00:16]} 25. Qxe3 {[%clk
01:08:18]} {[%emt 00:01:04]} Rxe3 {[%clk 01:18:51]} {[%emt 00:00:12]} 26. Kd2
{[%clk 01:08:11]} {[%emt 00:00:37]} Rhe8 {[%clk 01:17:47]} {[%emt 00:01:34]}
27. f4 {[%clk 01:05:44]} {[%emt 00:02:57]} Re2 {[%clk 01:17:21]} {[%emt
00:00:56]} 28. Kd1 {[%clk 01:04:48]} {[%emt 00:01:25]} Rxg2 {[%clk 01:17:13]}
{[%emt 00:00:39]} 29. Ra2 {[%clk 01:03:14]} {[%emt 00:02:04]} Ne4 {[%clk
01:17:16]} {[%emt 00:00:27]} 30. Re1 {[%clk 01:03:15]} {[%emt 00:00:29]} Nc3
{[%clk 01:17:27]} {[%emt 00:00:20]} 31. Kc1 {[%clk 01:03:19]} {[%emt 00:00:25]}
Rxe1 {[%clk 01:17:32]} {[%emt 00:00:24]} 32. Kb2 {[%clk 01:03:33]} {[%emt
00:00:17]} Nxa2 {[%clk 01:17:53]} {[%emt 00:00:09]} 33. Kxa2 {[%clk 01:03:11]}
{[%emt 00:00:52]} Rxc2 {[%clk 01:18:13]} {[%emt 00:00:10]} 34. Kb3 {[%clk
01:03:35]} {[%emt 00:00:07]} Rh2 {[%clk 01:12:04]} {[%emt 00:06:39]} 35. Kc3
{[%clk 01:03:35]} {[%emt 00:00:28]} Rxh3 {[%clk 01:12:06]} {[%emt 00:00:29]}
36. Kd4 {[%clk 01:02:24]} {[%emt 00:01:40]} Kd7 {[%clk 01:12:15]} {[%emt
00:00:20]} 37. Kc4 {[%clk 01:02:11]} {[%emt 00:00:44]} Re4# {[%clk 01:12:32]}
{[%emt 00:00:12]} 0-1

[Event "DVM U12 2022"]
[Site "München GER"]
[Date "2022.12.27"]
[Round "2"]
[White "Halich, Jan Finnian"]
[Black "Nguyen, Thanh An"]
[Result "0-1"]
[Termination "normal"]
[Board "10.1"]
[WhiteElo "1182"]
[BlackElo "1219"]
[WhiteTeam "SV Werder Bremen"]
[BlackTeam "SV Dresden-Striesen 1990"]
[PlyCount "102"]
[WhiteFideId "34623710"]
[BlackFideId "34627804"]
[EventCountry "GER"]
[EventRounds "7"]
[EventType "team-swiss"]
[EventDate "2022.12.26"]

1. e4 c5 2. Nf3 Nc6 3. d4 cxd4 4. Nxd4 e6 5. Nc3 Nf6 6. Bg5 Bb4 7. Nxc6 bxc6 8.
e5 Qa5 9. exf6 Qxg5 10. fxg7 Qxg7 11. Qd3 Bb7 12. O-O-O d5 13. Ne2 Rb8 14. Qd4
Qxd4 15. Nxd4 Bc5 16. f4 Kd7 17. Nf3 Be3 18. Kb1 Bxf4 19. g3 Bd6 20. Bd3 c5 21.
c4 dxc4 22. Be2 c3 23. Rhf1 Be4 24. Bd3 Rxb2 25. Kc1 Bxd3 26. Rxd3 Rxa2 27.
Rfd1 Ra1 28. Kc2 Rxd1 29. Rxd1 Ke7 30. Kxc3 a5 31. Nd2 Rd8 32. Kb3 Be5 33. Re1
Bxg3 34. Re2 Bf4 35. Nc4 Rb8 36. Ka4 Rb4 37. Kxa5 Rxc4 38. Kb5 Rc3 39. Rf2 Be3
40. Rf3 Bd4 41. Rf1 Rh3 42. Rh1 Be5 43. Kxc5 Rxh2 44. Rf1 h5 45. Re1 Bd6 46.
Kc6 h4 47. Rd1 h3 48. Rxd6 Rc2 49. Kb7 Kxd6 50. Ka8 Kc7 51. Ka7 Ra2# 0-1

[Event "DVM U12 2022"]
[Site "München GER"]
[Date "2022.12.27"]
[Round "2"]
[White "Xu, Wanghan"]
[Black "Haug, Niklas Alexander"]
[Result "1-0"]
[Termination "normal"]
[Board "10.2"]
[WhiteElo "1275"]
[BlackElo "1041"]
[WhiteTeam "SV Dresden-Striesen 1990"]
[BlackTeam "SV Werder Bremen"]
[PlyCount "49"]
[WhiteFideId "34608745"]
[BlackFideId "34640444"]
[EventCountry "GER"]
[EventRounds "7"]
[EventType "team-swiss"]
[EventDate "2022.12.26"]

1. d4 d5 2. c4 c6 3. e3 Bf5 4. Nc3 Nf6 5. h3 e6 6. a3 c5 7. Nf3 Nc6 8. dxc5
dxc4 9. Nd4 Nxd4 10. exd4 b6 11. cxb6 axb6 12. Bxc4 Be7 13. O-O O-O 14. Bf4 Qc8
15. Bd3 Nh5 16. Be3 Bd6 17. Bxf5 exf5 18. Qxh5 g6 19. Qf3 Bb8 20. Bf4 Qc4 21.
Qxa8 Bxf4 22. Qd5 Qc8 23. Qb5 Bc7 24. Nd5 Bb8 25. Ne7 1-0

[Event "DVM U12 2022"]
[Site "München GER"]
[Date "2022.12.27"]
[Round "2"]
[White "Jablonski, Ture"]
[Black "Rokhmanova, Vitalina"]
[Result "1-0"]
[Termination "normal"]
[Board "10.3"]
[WhiteElo "1038"]
[BlackElo "1312"]
[WhiteTeam "SV Werder Bremen"]
[BlackTeam "SV Dresden-Striesen 1990"]
[PlyCount "135"]
[WhiteFideId "34640452"]
[BlackFideId "34640533"]
[EventCountry "GER"]
[EventRounds "7"]
[EventType "team-swiss"]
[EventDate "2022.12.26"]

1. d4 d5 2. Bf4 Nf6 3. Nf3 Nc6 4. Nbd2 Bg4 5. e3 a6 6. Bd3 e6 7. h3 Bf5 8. Bxf5
exf5 9. c3 Ne4 10. Ne5 Qf6 11. Nxc6 Qxc6 12. f3 Nf6 13. Qc2 Qd7 14. O-O-O O-O-O
15. Rhe1 g6 16. e4 fxe4 17. fxe4 dxe4 18. Nxe4 Nxe4 19. Rxe4 Qf5 20. g4 Qd5 21.
Kb1 Bg7 22. Be5 Bxe5 23. Rxe5 Qd6 24. Qf2 Rhf8 25. Rf1 f6 26. Re3 Rd7 27. g5 f5
28. Re5 Re7 29. Rfe1 Rxe5 30. Rxe5 Rd8 31. h4 Rd7 32. Re8 Rd8 33. Re5 Rf8 34.
Qe2 Rd8 35. h5 Qc6 36. Re7 Qh1 37. Kc2 gxh5 38. Rxh7 Qe4 39. Qxe4 fxe4 40. Rxh5
Kd7 41. Kd2 Ke6 42. g6 Kf6 43. g7 Kxg7 44. Re5 Rf8 45. Rxe4 Rf2 46. Re2 Rf6 47.
Kd3 Kf7 48. b4 Rd6 49. c4 b6 50. c5 bxc5 51. bxc5 Re6 52. Rxe6 Kxe6 53. Kc4 c6
54. Kb4 Kd5 55. Ka5 Kxd4 56. Kb6 Kd5 57. a3 a5 58. a4 Kc4 59. Kxc6 Kb4 60. Kb6
Kxa4 61. c6 Kb4 62. c7 a4 63. c8=Q a3 64. Qc1 Kb3 65. Qa1 a2 66. Kc5 Ka3 67.
Kc4 Ka4 68. Qxa2# 1-0

[Event "DVM U12 2022"]
[Site "München GER"]
[Date "2022.12.27"]
[Round "2"]
[White "Borchers, Julius"]
[Black "Plath, Erik"]
[Result "1-0"]
[Termination "normal"]
[Board "10.4"]
[WhiteElo "1003"]
[BlackElo "927"]
[WhiteTeam "SV Dresden-Striesen 1990"]
[BlackTeam "SV Werder Bremen"]
[PlyCount "51"]
[WhiteFideId "34640410"]
[BlackFideId "34608206"]
[EventCountry "GER"]
[EventRounds "7"]
[EventType "team-swiss"]
[EventDate "2022.12.26"]

1. e4 c5 2. c3 Nc6 3. d4 cxd4 4. cxd4 e6 5. Nf3 Nf6 6. Nc3 Bb4 7. e5 Nd5 8. Bd2
Nxc3 9. Bxc3 Qb6 10. Rb1 Qa5 11. Bxb4 Qxb4 12. Qd2 Qxd2 13. Nxd2 Nxd4 14. Bd3
b6 15. O-O Bb7 16. Rbc1 O-O 17. Rc7 Bc6 18. Rc1 Rac8 19. Rxa7 Ra8 20. Rxa8 Rxa8
21. a3 Ra5 22. Rc4 Nf5 23. Bxf5 exf5 24. Rb4 Rd5 25. Rxb6 Rxd2 26. Rb8# 1-0

[Event "DVM U12 2022"]
[Site "München GER"]
[Date "2022.12.28"]
[Round "3"]
[White "Türel, Tugrul"]
[Black "Shen, Tingrui"]
[Result "1/2-1/2"]
[Termination "normal"]
[Board "1.1"]
[WhiteElo "1605"]
[BlackElo "1643"]
[WhiteClock "00:04:31"]
[BlackClock "00:26:05"]
[WhiteTeam "SF München"]
[BlackTeam "TV Tegernsee"]
[PlyCount "81"]
[WhiteFideId "26338408"]
[BlackFideId "34603441"]
[EventCountry "GER"]
[EventRounds "7"]
[EventType "team-swiss"]
[EventDate "2022.12.26"]

1. e4 {[%clk 01:30:55]} {[%emt 00:00:04]} c5 {[%clk 01:29:54]} {[%emt
00:01:07]} 2. Nf3 {[%clk 01:31:16]} {[%emt 00:00:09]} Nc6 {[%clk 01:29:55]}
{[%emt 00:00:29]} 3. c4 {[%clk 01:31:34]} {[%emt 00:00:12]} g6 {[%clk
01:30:02]} {[%emt 00:00:24]} 4. d4 {[%clk 01:31:48]} {[%emt 00:00:16]} cxd4
{[%clk 01:30:17]} {[%emt 00:00:15]} 5. Nxd4 {[%clk 01:32:15]} {[%emt 00:00:03]}
Bg7 {[%clk 01:30:17]} {[%emt 00:00:29]} 6. Be3 {[%clk 01:32:38]} {[%emt
00:00:07]} Nf6 {[%clk 01:30:38]} {[%emt 00:00:10]} 7. Nc3 {[%clk 01:33:03]}
{[%emt 00:00:05]} Ng4 {[%clk 01:31:01]} {[%emt 00:00:07]} 8. Qxg4 {[%clk
01:33:01]} {[%emt 00:00:32]} Nxd4 {[%clk 01:31:18]} {[%emt 00:00:13]} 9. Qd1
{[%clk 01:33:27]} {[%emt 00:00:04]} Ne6 {[%clk 01:31:32]} {[%emt 00:00:16]} 10.
Rc1 {[%clk 01:33:51]} {[%emt 00:00:06]} d6 {[%clk 01:31:38]} {[%emt 00:00:25]}
11. Bd3 {[%clk 01:33:41]} {[%emt 00:00:40]} O-O {[%clk 01:31:02]} {[%emt
00:01:06]} 12. O-O {[%clk 01:34:02]} {[%emt 00:00:10]} b6 {[%clk 01:29:54]}
{[%emt 00:01:38]} 13. f4 {[%clk 01:28:46]} {[%emt 00:05:46]} Bb7 {[%clk
01:24:26]} {[%emt 00:05:57]} 14. b4 {[%clk 01:24:39]} {[%emt 00:04:37]} Nd4
{[%clk 01:19:25]} {[%emt 00:05:32]} 15. Bb1 {[%clk 01:21:00]} {[%emt 00:04:09]}
e5 {[%clk 01:14:53]} {[%emt 00:05:02]} 16. f5 {[%clk 01:21:10]} {[%emt
00:00:20]} gxf5 {[%clk 01:05:02]} {[%emt 00:10:21]} 17. exf5 {[%clk 01:21:20]}
{[%emt 00:00:21]} Qh4 {[%clk 01:04:21]} {[%emt 00:01:11]} 18. Nd5 {[%clk
00:47:13]} {[%emt 00:34:37]} Bxd5 {[%clk 00:55:51]} {[%emt 00:09:00]} 19. cxd5
{[%clk 00:47:25]} {[%emt 00:00:19]} Rac8 {[%clk 00:53:25]} {[%emt 00:02:55]}
20. Rxc8 {[%clk 00:45:42]} {[%emt 00:02:13]} Rxc8 {[%clk 00:53:25]} {[%emt
00:00:30]} 21. g3 {[%clk 00:46:08]} {[%emt 00:00:05]} Qf6 {[%clk 00:48:03]}
{[%emt 00:05:51]} 22. Qh5 {[%clk 00:40:30]} {[%emt 00:06:09]} e4 {[%clk
00:43:03]} {[%emt 00:05:30]} 23. Bg5 {[%clk 00:33:52]} {[%emt 00:07:07]} Qe5
{[%clk 00:42:30]} {[%emt 00:01:04]} 24. f6 {[%clk 00:32:43]} {[%emt 00:01:39]}
h6 {[%clk 00:36:53]} {[%emt 00:06:08]} 25. Qg4 {[%clk 00:31:12]} {[%emt
00:02:01]} Qxg5 {[%clk 00:33:40]} {[%emt 00:03:42]} 26. Qxc8 {[%clk 00:31:22]}
{[%emt 00:00:21]} Bf8 {[%clk 00:34:02]} {[%emt 00:00:07]} 27. Qc4 {[%clk
00:17:35]} {[%emt 00:14:17]} Nf3 {[%clk 00:31:47]} {[%emt 00:02:45]} 28. Kh1
{[%clk 00:16:06]} {[%emt 00:01:58]} Nd2 {[%clk 00:31:00]} {[%emt 00:01:17]} 29.
Qe2 {[%clk 00:11:26]} {[%emt 00:05:11]} Nxf1 {[%clk 00:31:11]} {[%emt
00:00:19]} 30. Qxf1 {[%clk 00:11:52]} {[%emt 00:00:04]} Qxd5 {[%clk 00:31:18]}
{[%emt 00:00:22]} 31. Qe2 {[%clk 00:10:34]} {[%emt 00:01:47]} e3 {[%clk
00:29:42]} {[%emt 00:02:06]} 32. Kg1 {[%clk 00:11:00]} {[%emt 00:00:04]} Qd4
{[%clk 00:27:39]} {[%emt 00:02:33]} 33. Kg2 {[%clk 00:07:16]} {[%emt 00:04:14]}
Qxb4 {[%clk 00:26:37]} {[%emt 00:01:31]} 34. Qc2 {[%clk 00:06:12]} {[%emt
00:01:34]} Qd2 {[%clk 00:26:53]} {[%emt 00:00:14]} 35. Qxd2 {[%clk 00:06:41]}
{[%emt 00:00:02]} exd2 {[%clk 00:27:09]} {[%emt 00:00:14]} 36. Bc2 {[%clk
00:07:07]} {[%emt 00:00:03]} d5 {[%clk 00:27:15]} {[%emt 00:00:25]} 37. Kf3
{[%clk 00:07:04]} {[%emt 00:00:34]} Bb4 {[%clk 00:27:02]} {[%emt 00:00:42]} 38.
Kg4 {[%clk 00:04:48]} {[%emt 00:02:47]} Bc3 {[%clk 00:27:15]} {[%emt 00:00:17]}
39. Kh5 {[%clk 00:05:03]} {[%emt 00:00:15]} d1=Q {[%clk 00:25:45]} {[%emt
00:02:00]} 40. Bxd1 {[%clk 00:05:22]} {[%emt 00:00:11]} Bd2 {[%clk 00:26:05]}
{[%emt 00:00:09]} 41. h4 {[%clk 00:04:31]} {[%emt 00:01:22]} 1/2-1/2